Reading, discussing and writing about The great books / (Record no. 7739)
[ view plain ]
| 000 -LEADER | |
|---|---|
| fixed length control field | 00887cam a2200289 4500 |
| 001 - CONTROL NUMBER | |
| JCCL Control Number | 7739 |
| 003 - CONTROL NUMBER IDENTIFIER | |
| JCCL marc code | BD-JhCC |
| 005 - DATE AND TIME OF LATEST TRANSACTION | |
| control field | 20181006175400.0 |
| 008 - FIXED-LENGTH DATA ELEMENTS--GENERAL INFORMATION | |
| fixed length control field | 710301s1970 mau b 00010 eng |
| 035 ## - SYSTEM CONTROL NUMBER | |
| system control number | (BD-JhCC)7739 |
| 040 ## - CATALOGING SOURCE | |
| Original cataloging agency | ANL |
| Modifying agency | ANL |
| -- | BD-JhCC |
| 041 ## - LANGUAGE CODE | |
| Language code of Book | eng |
| 050 00 - LIBRARY OF CONGRESS CALL NUMBER | |
| Classification number | PN61 |
| Item number | .S8 |
| 082 00 - DEWEY DECIMAL CLASSIFICATION NUMBER | |
| Classification number | 807 |
| Author mark and Year | STE 1970 |
| 100 1# - MAIN ENTRY--PERSONAL NAME | |
| Personal name | Stevens, Richard, |
| Dates associated with a name | 1928- |
| 245 10 - TITLE STATEMENT | |
| Title | Reading, discussing and writing about The great books / |
| Statement of responsibility, etc | [by] Richard Stevens [and] Thomas J. Musial. |
| 260 ## - PUBLICATION, DISTRIBUTION, ETC. (IMPRINT) | |
| Place of publication, distribution, etc | Boston, |
| Name of publisher, distributor, etc | Houghton Mifflin |
| Date of publication, distribution, etc | [1970] |
| 300 ## - PHYSICAL DESCRIPTION | |
| Pagination | xix, 172 p. |
| Dimensions | 21 cm. |
| 500 ## - GENERAL NOTE | |
| General note | Title on spine: The Great Books. |
| 504 ## - BIBLIOGRAPHY, ETC. NOTE | |
| Bibliography, etc | Includes bibliographical references. |
| 650 #0 - SUBJECT ADDED ENTRY--TOPICAL TERM | |
| Topical term or geographic name as entry element | Literature |
| General subdivision | Study and teaching. |
| 700 1# - ADDED ENTRY--PERSONAL NAME | |
| Personal name | Musial, Thomas J., |
| 730 #1 - ADDED ENTRY--UNIFORM TITLE | |
| Uniform title | Great books of the Western World. |
| 740 01 - | |
| Uncontrolled related/analytical title | Great Books. |
| 942 ## - ADDED ENTRY ELEMENTS (KOHA) | |
| Source of classification or shelving scheme | Dewey Decimal Classification |
| Koha item type | Books |
| Source of classification or shelving scheme | Damaged status | Not for loan | Home library | Current library | Shelving location | Total Checkouts | Full call number | Barcode | Date last seen | Copy number | Koha item type |
|---|---|---|---|---|---|---|---|---|---|---|---|
| Dewey Decimal Classification | JCC Rouf Library | JCC Rouf Library | General Stacks | 807 STE 1970 | 10361 | 02/13/2018 | C -1 | Books |